Los secretos de la CIA : (Record no. 110261)

MARC details
000 -CABECERA
campo de control de longitud fija 01154ngm a2200205 a 4500
005 - FECHA Y HORA DE LA ÚLTIMA TRANSACCIÓN
campo de control 20210223125623.0
008 - ELEMENTOS DE LONGITUD FIJA--INFORMACIÓN GENERAL
campo de control de longitud fija 050418s2003 mx 060 aaspa d
035 ## - NÚMERO DE CONTROL DEL SISTEMA
Número de control de sistema UPN01000138113
049 ## - COLECCIÓN
Colección AV
050 #4 - SIGNATURA TOPOGRÁFICA DE LA BIBLIOTECA DEL CONGRESO
Número de clasificación DVD JK 17
245 04 - MENCIÓN DE TÍTULO
Título Los secretos de la CIA :
Resto del título agencia central de inteligencia.
260 ## - PUBLICACIÓN, DISTRIBUCIÓN, ETC.
Lugar de publicación, distribución, etc. [E.U.A.] :
Nombre del editor, distribuidor, etc. The history channel :
-- A & E home video,
Fecha de publicación, distribución, etc. c2003.
300 ## - DESCRIPCIÓN FÍSICA
Extensión 1 DVD (60 min.) :
Otras características físicas son. col. ;
Dimensiones 4 3/4 plg.
500 ## - NOTA GENERAL
Nota general "El material incluye : entrevistas en inglés subtituladas al español"
520 ## - NOTA DE RESUMEN, ETC.
Sumario, etc. Descubra como actualmente la CIA trabaja en contra de conflictos bélicos, armamento, destrucción masiva, narcotráfico y el crimen organizado. La CIA desde sus inicios hasta la compleja organización que es hoy, es responsable de recoger y analizar la información global recolectada por las operaciones más sofisticadas. Vea la dramática cantidad de documentos recientemente clasificados que revelan el funcionamiento interno de ésta agencia
610 14 - ASIENTO SECUNDARIO DE MATERIA - NOMBRE CORPORATIVO
Nombre de entidad corporativa o nombre de jurisdicción como elemento de entrada ESTADOS UNIDOS.
Unidad subordinada CENTRAL INTELLIGENCE AGENCY
9 (RLIN) 12895
650 #4 - ASIENTO SECUNDARIO DE MATERIA - TERMINO TEMATICO
Término de materia o nombre geográfico como elemento de entrada SERVICIO DE INTELIGENCIA
9 (RLIN) 26712
650 #4 - ASIENTO SECUNDARIO DE MATERIA - TERMINO TEMATICO
Término de materia o nombre geográfico como elemento de entrada ESPIONAJE
9 (RLIN) 178
905 ## - TIPO DE MATERIAL
Tipo de material Electrónico
Holdings
Estado de retiro Estado de pérdida Fuente del sistema de clasificación o colocación Estado dañado No para préstamo Código de colección Localización permanente Ubicación/localización actual Ubicación en estantería Total de préstamos Clasificación Código de barras Fecha visto por última vez Número de copia Tipo de ítem Koha
    Library of Congress Classification     Audiovisuales Bib. Gregorio Torres Quintero Bib. Gregorio Torres Quintero Audiovisual   DVD JK 17 227886 31/12/2020 1 Formato Digital